00805nam a2200229 a 450000500170000000800410001702000150005804000250007304100080009804400080010608200180011410000190013224501140015126000500026530000840031550400570039961100240045665000140048065000260049465000320052065000230055220180803164912.0140227t1999 -uk|||| r|||| 00| 0 spa d a1900442791 aCO-BoIAVHcCO-BoIAVH0 aspa axxk04a333.918bF84v1 aFrazier, Scott10aVisión general de los sitios Ramsarbuna sinopsis de los humedales de importancia internacional en el mundo aReino Unido :bWetlands International,c1999. avi, 42 páginas :bmapas, ilustraciones y fotografías a color ;c21 x 29 cm. aIncluye referencias bibliográficas (páginas 42).2 aConvención RAMSAR 6aHumedales 6aHumedalesvInventario 6aHumedalesvIdentificación 6aTipos de humedales